00660nam a2200205Ia 4500003000400000008004100004020002400045040000800069100001900077245005800096260002600154300001500180365001200195901002100207902003800228903005800266942001200324952010100336999001700437LDD181029s9999 xx 000 0 und d a1412907640cP 24.99 cLDD aSmith, Malcolm 0aPerformance measurement and managementcMalcolm Smith aNew DelhibSagec2005 aviii, 302p bP 24.99 a3623b05-01-2007 aANE/D/589b19-01-2007cFdANEe65 aDiscount-10bReqst by : Khanna, Beerendra Bahadur (Dr 2ddccBK 00102ddc4070977453aLDDbLDDl0o658.1511 Sm62Pp060784r2018-11-01v2193.87w2018-11-01yBK c77454d77454